000 00345cam a22001217a 4500
008 180718b1977 xxu||||| |||| 00| 0 eng d
082 _aR11 Em73
245 _aEmployment, growth and basic needs: a one-world problem
260 _aNew York
_bPraeger
_c1977
300 _a224p.
650 _aEmployment
700 _aInternational Labour Organisation
999 _c347075
_d347075